[Event "Corsica Masters"]
[Site "Bastia FRA"]
[Date "2004.10.29"]
[Round "2"]
[White "Ibba,I"]
[Black "Milov,V"]
[Result "0-1"]
[WhiteElo "2193"]
[BlackElo "2683"]

1.d3 g6 2.f4 Bg7 3.Nf3 Nc6 4.g3 d6 5.Bg2 e5 6.fxe5 dxe5 7.O-O h5 8.c3 Bf6
9.Qb3 Nh6 10.Bxh6 Rxh6 11.Nbd2 Qe7 12.Ne4 Bg7 13.Nfg5 f5 14.h4 Rh8 15.Qc4 Nd8
16.Nc5 c6 17.e4 b6 18.Nb3 b5 19.Qb4 a5 20.Nxa5 Qa7+ 21.d4 Bf8 22.Nxc6 Nxc6
23.Qxb5 Bd7 24.exf5 Qa6 25.Qd5 O-O-O 26.dxe5 Be8 27.Qe6+ Bd7 28.Qxg6 Rh6
29.Qf7 Nxe5 30.Qd5 Bd6 31.Ne4 Bc7 32.Qd2 Bb5 33.Qg5 Bxf1 34.Rxf1 Rb6 35.f6 Rxb2
36.f7 Qxf1+  0-1

[Event "Corsica Masters"]
[Site "Bastia FRA"]
[Date "2004.10.30"]
[Round "4"]
[White "Oratovsky,M"]
[Black "Milov,V"]
[Result "0-1"]
[WhiteElo "2536"]
[BlackElo "2683"]

1.e4 c5 2.Nf3 e6 3.Nc3 a6 4.g3 b5 5.Bg2 Bb7 6.d3 Nf6 7.O-O d6 8.Ng5 Nc6 9.f4 b4
10.Ne2 h6 11.Nf3 Be7 12.h3 d5 13.e5 Nd7 14.c4 Nb6 15.b3 Qd7 16.Be3 d4 17.Bd2 O-O-O
18.g4 h5 19.Ng3 hxg4 20.hxg4 f5 21.gxf5 exf5 22.Qe2 Qe6 23.Kf2 Nd7 24.Rh1 g5
25.Rxh8 Rxh8 26.Rh1 Rxh1 27.Bxh1 g4 28.Nh2 Bh4 29.Nf1 Ne7 30.Bxb7+ Kxb7 31.Kg1 Nf8
32.Qg2+ Qc6 33.Qxc6+ Kxc6 34.Nh5 Kd7 35.Nfg3 Ne6 36.Kg2 Ke8 37.Be1 Kf7 38.Ne2 Kg6
39.Nhg3 Nc8 40.Bd2 Nb6 41.Bc1 a5 42.Bd2 a4 43.Kh2 Be7 44.Kg2 Bf8 45.Kf2 Nd8
46.Ke1 Nc6 47.Kd1 axb3 48.axb3 Na8 49.Bc1 Nc7 50.Bd2 Be7 51.Be1 Ne6 52.Bd2 Na5
53.Kc2 Bh4 54.Bc1 Kg7 55.Bd2 Nc6 56.Kd1  0-1

[Event "Corsica Masters"]
[Site "Bastia FRA"]
[Date "2004.10.30"]
[Round "5"]
[White "Milov,V"]
[Black "Balogh,C"]
[Result "0-1"]
[WhiteElo "2683"]
[BlackElo "2527"]

1.c4 Nf6 2.Nc3 c5 3.Nf3 b6 4.e4 d6 5.d4 cxd4 6.Nxd4 Bb7 7.Qe2 e6 8.g4 Be7
9.g5 Nfd7 10.h4 Nc6 11.Nxc6 Bxc6 12.Bf4 a6 13.O-O-O Qc7 14.Kb1 O-O 15.h5 b5
16.Rc1 bxc4 17.Qxc4 Qb7 18.g6 Nc5 19.gxh7+ Kxh7 20.f3 Rfb8 21.Rh2 Bb5 22.Nxb5 axb5
23.Qe2 e5 24.Be3 Ra4 25.Qd1 Rba8 26.Qd5 Qxd5 27.exd5 Rxa2 28.Bxb5 R2a5 29.Bc6 Rb8
30.Rc3 f5 31.Rg2 Bf6 32.Bg5 Bxg5 33.Rxg5 Nb3 34.Kc2 Nd4+ 35.Kb1 Nb3 36.Kc2 Nd4+
37.Kb1 Rb6 38.Rg2 Rba6 39.Kc1 Ra1+ 40.Kd2 Rf1 41.Rg6 Rf2+ 42.Kd3 Rxf3+ 43.Kc4 Rxc3+
44.bxc3 Nxc6 45.dxc6 Rxc6+ 46.Kd3 f4 47.c4 Ra6 48.Ke4 Ra3 49.Rxd6 Re3+ 50.Kf5 f3
51.Rd1 f2 52.Rf1 Re2  0-1

[Event "XVII Torre Mem KO"]
[Site "Yucatan MEX"]
[Date "2004.12.17"]
[Round "1.2"]
[White "Gonzalez Zamora,J"]
[Black "Milov,V"]
[Result "1-0"]
[WhiteElo "2524"]
[BlackElo "2683"]

1.d4 g6 2.c4 Bg7 3.Nc3 c5 4.Nf3 cxd4 5.Nxd4 Nc6 6.Nc2 d6 7.e4 Nf6 8.Be2 O-O
9.O-O Nd7 10.Bd2 Nc5 11.b4 Ne6 12.Rb1 Ned4 13.Nxd4 Nxd4 14.Bd3 a5 15.b5 Ne6
16.Nd5 Nc5 17.Bg5 f6 18.Bh4 e6 19.Ne3 Qd7 20.Bc2 b6 21.Bg3 Rd8 22.f3 Bb7
23.Qe1 Qf7 24.Rd1 Bf8 25.Bh4 Re8 26.Ng4 g5 27.Bf2 f5 28.Bxc5 bxc5 29.Nf2 f4
30.e5 d5 31.h4 Be7 32.Ng4 Kh8 33.cxd5 Bxd5 34.Be4 c4 35.Bxd5 exd5 36.e6 Bc5+
37.Kh1 Rxe6 38.Qc3+ d4 39.Qxc4 Bb6 40.Rde1 Rae8 41.Re5 Kg7 42.Rxg5+ Kh8 43.Ne5 Qf6
44.Nd7 Qd8 45.Nxb6 Qxb6 46.Rd5 Re2 47.Rxd4 Qg6 48.Rg1 Rc2 49.Qd5 Qf6 50.Qh5 Rg8
51.Rd7 h6 52.Rf7 Qe6 53.Rf5 Rxa2 54.Rg5 Re2 55.Rxg8+ Kxg8 56.b6 Qxb6 57.Qg4+ Kh7
58.Qxf4 Re7 59.Rd1 Qb4 60.Qg3 Rg7 61.Qf2 Qb3 62.Rd2 a4 63.Qd4 Qb1+ 64.Kh2 a3
65.Qa4 Qb8+ 66.f4 Qf8 67.Qe4+ Kh8 68.g3 Ra7 69.Qd4+ Qg7 70.Qe4 Qf6 71.Qe8+ Kh7
72.Rd8 Rg7 73.h5 Rg4 74.Kh3 a2 75.Kxg4 Qg7+ 76.Kh3  1-0

[Event "XVII Torre Mem KO"]
[Site "Yucatan MEX"]
[Date "2004.12.17"]
[Round "1.3"]
[White "Gonzalez Zamora,J"]
[Black "Milov,V"]
[Result "0-1"]
[WhiteElo "2524"]
[BlackElo "2683"]

1.Nf3 Nf6 2.c4 g6 3.Nc3 Bg7 4.e4 d6 5.d4 O-O 6.Be2 Na6 7.O-O e5 8.Be3 c6
9.dxe5 dxe5 10.Qc2 Ng4 11.Bg5 f6 12.Bd2 Nc5 13.h3 Nh6 14.Be3 Ne6 15.Rad1 Qe7
16.Rfe1 Nf7 17.a3 Nfg5 18.Nxg5 fxg5 19.c5 Nd4 20.Bxd4 exd4 21.Nb1 h5 22.Nd2 g4
23.hxg4 hxg4 24.e5 Bf5 25.Bd3 Rae8 26.e6 Kh8 27.b4 Qf6 28.Bxf5 gxf5 29.Qb3 Re7
30.Qc4 Rfe8 31.Nb3 Rxe6 32.Rxe6 Rxe6 33.Nxd4 Re4 34.Qc2 Rxd4 35.Re1 Re4 36.Rd1 Qe7
37.Qd2 f4 38.Kf1 f3 39.gxf3 gxf3 40.Qd8+ Qxd8 41.Rxd8+ Kh7 42.Rd3 Rf4 43.Kg1 Kg6
44.Rd7 Rf7 45.Rd3 Be5 46.Kf1 Kg5 47.Ke1 Rf4 48.Rb3 a6 49.Kd2 Kg4 50.Ke3 Bd4+
51.Kd3 Bxf2 52.a4 Be1  0-1

[Event "XVII Torre Mem KO"]
[Site "Yucatan MEX"]
[Date "2004.12.17"]
[Round "1.1"]
[White "Milov,V"]
[Black "Gonzalez Zamora,J"]
[Result "1-0"]
[WhiteElo "2683"]
[BlackElo "2524"]

1.d4 e6 2.c4 c5 3.d5 exd5 4.cxd5 d6 5.Nc3 Ne7 6.e4 Ng6 7.f4 Be7 8.Nf3 O-O
9.Bc4 a6 10.a4 Bf6 11.O-O Re8 12.Qc2 Nd7 13.Bd2 Nh4 14.Kh1 Nxf3 15.gxf3 Rb8
16.Rg1 Bd4 17.Rg2 Nb6 18.Ba2 Bh3 19.Rg3 Qh4 20.Be1 Qh6 21.Ne2 Bf6 22.f5 Nd7
23.Bd2 Qh4 24.Ng1 Bxf5 25.exf5 b5 26.axb5 axb5 27.Rf1 Ra8 28.Bb1 Qd4 29.Bc3 Qxd5
30.Qg2 Bxc3 31.Be4 Qa2 32.Bxa8 Qxb2 33.Rf2 Qb1 34.Bc6 Rd8 35.Bxd7 Rxd7 36.f4 h6
37.Rxc3 Qxf5 38.Rg3 g6 39.Re3 Kg7 40.Ne2 Ra7 41.h3 Kh7 42.Ng3 Qf6 43.Qd5 b4
44.Kg2 Rc7 45.Ne4 Qd8 46.f5 g5 47.f6 c4 48.Qf5+  1-0

[Event "XVII Torre Mem KO"]
[Site "Yucatan MEX"]
[Date "2004.12.17"]
[Round "1.4"]
[White "Milov,V"]
[Black "Gonzalez Zamora,J"]
[Result "1-0"]
[WhiteElo "2683"]
[BlackElo "2524"]

1.d4 Nf6 2.c4 e6 3.Nc3 Bb4 4.e3 c5 5.Ne2 cxd4 6.exd4 d5 7.a3 Be7 8.Nf4 dxc4
9.Bxc4 O-O 10.O-O Nbd7 11.Ba2 Nb6 12.Be3 Bd6 13.Qf3 a6 14.Rad1 Rb8 15.h3 Bd7
16.d5 Nbxd5 17.Nfxd5 Nxd5 18.Bxd5 exd5 19.Qxd5 Bc6 20.Qxd6 Qh4 21.Rd4 Qh5
22.Qg3 f6 23.Rfd1 Rbe8 24.Nd5 Qf7 25.Nb4 Ba4 26.Rc1 Bb5 27.Rc7 Re7 28.Rxe7 Qxe7
29.Qd6 Qxd6 30.Rxd6 Rc8 31.Rb6 Rc7 32.b3 Be8 33.Nd3 Bc6 34.a4 Kf7 35.Nc5 Bd5
36.b4 h5 37.h4 Re7 38.b5 axb5 39.axb5 Kg6 40.Rd6 Bc4 41.b6 Kf5 42.Kh2 Bb5
43.Nxb7 Ke5 44.Bd4+ Kf4 45.Nc5 Kg4 46.b7 Rxb7 47.Nxb7 Kxh4 48.Rd5 Kg4 49.Be3 Be2
50.Nc5 h4 51.Nd3 g5 52.f3+ Bxf3 53.Nf2+ Kh5 54.gxf3 Kg6 55.Kh3 Kh5 56.Ng4 Kg6
57.Rd6 Kh5 58.Nxf6+ Kg6 59.Kg4 h3 60.Bxg5 h2 61.Ne4+ Kg7 62.Ng3 Kf7 63.Kf5  1-0

[Event "Open"]
[Site "Geneva SUI"]
[Date "2005.01.22"]
[Round "1"]
[White "Huss,A"]
[Black "Milov,V"]
[Result "0-1"]
[WhiteElo "2314"]
[BlackElo "2668"]

1.d4 g6 2.e4 Bg7 3.Nf3 d6 4.c3 Nf6 5.Bd3 O-O 6.O-O Nc6 7.d5 Nb8 8.c4 Bg4
9.h3 Bxf3 10.Qxf3 Nbd7 11.Nc3 c6 12.Qe2 a5 13.Be3 a4 14.Rac1 Qa5 15.Rfe1 Nc5
16.Bd2 Nfd7 17.Nd1 Qd8 18.Qe3 e6 19.dxc6 bxc6 20.Bf1 e5 21.Bb4 Qb8 22.Ba3 Ne6
23.Nc3 Ndc5 24.Red1 f5 25.exf5 gxf5 26.Qd2 Nd4 27.Ne2 Nce6 28.Qb4 Nxe2+ 29.Bxe2 Nd4
30.Rxd4 exd4 31.Qxd6 Qxd6 32.Bxd6 Rfd8 33.c5 Bf8 34.Bc4+ Kg7 35.Be5+ Kg6
36.Bd3 Ra5 37.f4 Rxc5 38.Re1 Bg7 39.g4 Bxe5 40.fxe5 Kf7 41.gxf5 Re8 42.Re4 Rexe5
43.Rxd4 Ke7 44.Rxa4 Red5 45.f6+ Kxf6 46.Rf4+ Kg7 47.Rf3 Rc1+ 48.Kf2 Ra1 49.Ke3 Rh5
50.Bc4 Rh4 51.Kd3 c5 52.Be6 Rd4+ 53.Kc2 h5 54.Rc3 Kf6 55.Bc4 Rh4 56.Bd5 Ke5
57.Bb3 Kd6 58.Rd3+ Kc6 59.Rc3 Kb6 60.Be6 Re1 61.Bc4 Rh1 62.Rb3+ Kc6 63.Be6 Rh2+
64.Kd3 R2xh3+ 65.Bxh3 c4+ 66.Kd2 cxb3 67.Be6 Re4 68.Bxb3 h4 69.Bc2 Re5  0-1

[Event "Open"]
[Site "Geneva SUI"]
[Date "2005.01.23"]
[Round "2"]
[White "Milov,V"]
[Black "Maze,S"]
[Result "1-0"]
[WhiteElo "2668"]
[BlackElo "2455"]

1.d4 Nf6 2.c4 c5 3.d5 e6 4.Nc3 exd5 5.cxd5 d6 6.e4 g6 7.f4 Bg7 8.Bb5+ Nbd7
9.Qf3 a6 10.Bd3 O-O 11.Nge2 Re8 12.O-O b5 13.Ng3 c4 14.Bc2 Nc5 15.h3 Bb7
16.a3 Nfd7 17.Be3 Qb6 18.Qf2 Rac8 19.Rad1 a5 20.e5 b4 21.Nce4 dxe5 22.fxe5 Rxe5
23.Nxc5 Nxc5 24.Qxf7+ Kh8 25.Ne4 Rc7 26.Qf4 Bxd5 27.Qh4 Bg8 28.Qd8 Qc6 29.Rd6 Rc8
30.Qxa5 Qe8 31.Bxc5 b3 32.Bb1 Rexc5 33.Nxc5 Qe3+ 34.Kh1 Rxc5 35.Qa8 Qe2 36.Rfd1 Re5
37.R6d2 Re8 38.Rxe2 Rxa8 39.g4 Rf8 40.g5 Ra8 41.Kg2 Rb8 42.h4 Ra8 43.a4 Bxb2
44.Rxb2 c3 45.Re2 c2 46.Bxc2 bxc2 47.Rc1 Rxa4 48.Rexc2 Bd5+ 49.Kg3 Ra3+ 50.Kh2 Ra7
51.Rc3 Bg8 52.Kg3 Ra8 53.Rc8 Ra7 54.R1c7  1-0

[Event "Open"]
[Site "Geneva SUI"]
[Date "2005.01.24"]
[Round "3"]
[White "Riazantsev,A"]
[Black "Milov,V"]
[Result "1/2-1/2"]
[WhiteElo "2596"]
[BlackElo "2668"]

1.d4 g6 2.c4 Bg7 3.e4 d6 4.Nc3 c5 5.d5 e6 6.Nf3 Ne7 7.Bf4 e5 8.Bd2 h6 9.h4 f5
10.h5 g5 11.Nh2 O-O 12.Bd3 f4 13.Be2 Nd7 14.Ng4 Kh8 15.Nb5 Nf6 16.Nxf6 Rxf6
17.Bg4 Bxg4 18.Qxg4 Ng8 19.Qh3 Rf7 20.Nc3 Nf6 21.g4 a6 22.f3 b5 23.Qf1 Rb7
24.b3 Bf8 25.Nd1 Qc8 26.Qd3 Be7 27.Ke2 Bd8 28.Nf2 bxc4 29.Qxc4 Bb6 30.Rab1 Qd8
31.Rhc1 a5  1/2-1/2

[Event "Open"]
[Site "Geneva SUI"]
[Date "2005.01.25"]
[Round "4"]
[White "Milov,V"]
[Black "Markowski,T"]
[Result "1/2-1/2"]
[WhiteElo "2668"]
[BlackElo "2570"]

1.d4 d5 2.c4 dxc4 3.e3 Nf6 4.Bxc4 e6 5.Nf3 a6 6.a4 b6 7.Qe2 Bb7 8.Nc3 c5
9.O-O Nbd7 10.Rd1 Qc7 11.b3 cxd4 12.exd4 Bb4 13.Na2 Be7 14.Bg5 h6 15.Bh4 Qf4
16.Bg3 Qe4 17.Qf1 Qf5 18.Bd3 Qa5 19.Nd2 O-O 20.Nc4 Qg5 21.Nc3 Nh5 22.Be4 Nxg3
23.hxg3 Bxe4 24.Nxe4 Qh5 25.Rac1 Rfd8 26.Rd3 Bb4 27.f4 Qd5  1/2-1/2

[Event "Open"]
[Site "Geneva SUI"]
[Date "2005.01.26"]
[Round "5"]
[White "Raetsky,A"]
[Black "Milov,V"]
[Result "0-1"]
[WhiteElo "2459"]
[BlackElo "2668"]

1.d4 Nf6 2.c4 g6 3.Nc3 Bg7 4.e4 d6 5.Be2 O-O 6.Bg5 c6 7.Qd2 a6 8.Nf3 b5 9.a3 Nbd7
10.O-O e5 11.Rad1 Bb7 12.Rfe1 Re8 13.Bf1 Qb8 14.d5 cxd5 15.cxd5 Rc8 16.Rc1 Rc7
17.b4 Nb6 18.Qb2 Nh5 19.Be3 Bc8 20.Nd2 Bd7 21.g3 f5 22.f3 f4 23.Bf2 fxg3
24.hxg3 Bh6 25.Rc2 Qa7 26.a4 Rac8 27.a5 Na4 28.Nxa4 Rxc2  0-1

[Event "Open"]
[Site "Geneva SUI"]
[Date "2005.01.27"]
[Round "6"]
[White "Milov,V"]
[Black "Kempinski,R"]
[Result "1/2-1/2"]
[WhiteElo "2668"]
[BlackElo "2624"]

1.d4 Nf6 2.c4 g6 3.Nc3 Bg7 4.e4 O-O 5.Bg5 d6 6.Qd2 c5 7.d5 Qa5 8.Bd3 a6 9.Rc1 b5
10.b3 e6 11.Nge2 exd5 12.exd5 Nbd7 13.f4 Nb6 14.O-O Bg4 15.Ng3 bxc4 16.bxc4 Na4
17.Nce4 Qxd2 18.Nxd2 h6 19.Bxf6 Bxf6 20.Nde4 Bb2 21.Rc2 Bd4+ 22.Kh1 Rad8
23.f5 Nb2 24.Be2 Bxe2 25.Nxe2 Be5 26.g4 Rb8 27.Rf3 Rb4 28.Nd2 Re8 29.a3 Rbb8
30.Kg2 Nd1  1/2-1/2

[Event "Open"]
[Site "Geneva SUI"]
[Date "2005.01.28"]
[Round "7"]
[White "Epishin,V"]
[Black "Milov,V"]
[Result "1/2-1/2"]
[WhiteElo "2614"]
[BlackElo "2668"]

1.d4 Nf6 2.c4 e6 3.Nf3 d5 4.e3 a6 5.Nbd2 c5 6.dxc5 Bxc5 7.a3 O-O 8.b4 Ba7
9.Bb2 Nc6 10.Be2 dxc4 11.Nxc4 b5 12.Nd6 Bd7 13.O-O Qe7 14.Ne5 Bb8 15.Nxd7 Qxd7
16.Ne4 Qxd1 17.Nxf6+ gxf6 18.Rfxd1 Be5 19.Bxe5 Nxe5 20.Rac1 Rfc8 21.Kf1 f5
22.h3 Kf8 23.f4 Nc4 24.Bxc4 bxc4 25.Rc3 Rc6 26.g4 fxg4 27.hxg4 h6 28.Ke2 Kg7
29.e4 Rac8 30.Ke3 Rh8 31.e5 h5 32.gxh5 Rxh5 33.Ke4 Rh2 34.Rd4 Re2+ 35.Kf3 Ra2
36.Ke3 a5 37.bxa5 Ra6 38.Ke4 Re2+  1/2-1/2

[Event "Open"]
[Site "Geneva SUI"]
[Date "2005.01.30"]
[Round "9"]
[White "Shchekachev,A"]
[Black "Milov,V"]
[Result "1-0"]
[WhiteElo "2559"]
[BlackElo "2668"]

1.c4 g6 2.d4 Bg7 3.Nf3 c5 4.e4 d6 5.Nc3 Qa5 6.d5 Bxc3+ 7.bxc3 Qxc3+ 8.Bd2 Qg7
9.Qc2 f6 10.Rb1 Nd7 11.Be2 g5 12.Rb3 h5 13.Qb2 Qh7 14.Bxg5 Nh6 15.O-O Nf7
16.Bc1 Rg8 17.Nd2 h4 18.Re1 Kd8 19.Bf1 Kc7 20.f4 Nh6 21.Nf3 b6 22.Nxh4 Nf8
23.e5 Ng4 24.Nf3 Bf5 25.h3 Nh6 26.exf6 exf6 27.Qxf6 Ng6 28.Rbe3 Bd7 29.Ng5 Qg7
30.Ne6+ Bxe6 31.Rxe6 Nf5 32.Qxf5 Raf8 33.Rxg6  1-0

[Event "ch-FRA Top 16 GpB"]
[Site "Cannes FRA"]
[Date "2005.04.02"]
[Round "6"]
[White "Milov,V"]
[Black "Dgebuadze,A"]
[Result "1-0"]
[WhiteElo "2668"]
[BlackElo "2547"]

1.d4 e6 2.c4 Nf6 3.Nc3 Bb4 4.e3 O-O 5.Ne2 d5 6.a3 Be7 7.cxd5 exd5 8.b4 c6
9.Ng3 Re8 10.Bd3 Nbd7 11.O-O a5 12.b5 c5 13.Na4 b6 14.Bb2 Bb7 15.Qf3 Bf8
16.Rfd1 Rb8 17.Bf5 Ba8 18.Ne2 Qe7 19.Nf4 cxd4 20.Bxd4 Ne5 21.Qg3 Nc4 22.Nc3 g6
23.Bd3 Ne5 24.h4 Bg7 25.Be2 Ne4 26.Nxe4 dxe4 27.a4 h6 28.Rac1 Bf6 29.Qh3 Red8
30.Rc2 Nd3 31.Bxf6 Qxf6 32.Nxd3 exd3 33.Rxd3 Be4 34.Rxd8+ Rxd8 35.Rc4 Bd3
36.Bxd3 Rxd3 37.Rf4 Qd6 38.Qc8+ Kg7 39.Qb7 Qe6 40.Qf3 Qd5 41.Qxd5 Rxd5 42.g4 Kf8
43.Kg2 Rd2 44.Re4 Ra2 45.g5 hxg5 46.hxg5 Ra1 47.Kg3 Rg1+ 48.Kf4 Rg2 49.f3 Ra2
50.Ke5 Rd2 51.Rd4 Rf2 52.f4 Re2 53.e4 Ke7 54.Rc4 Ra2 55.Rc7+ Kd8 56.Rxf7 Rxa4
57.f5 Rb4 58.fxg6 Ke8 59.Rb7  1-0

[Event "ch-FRA Top 16 Poule Basse"]
[Site "Port Barcares FRA"]
[Date "2005.05.06"]
[Round "10"]
[White "Milov,V"]
[Black "Krush,I"]
[Result "1-0"]
[WhiteElo "2653"]
[BlackElo "2455"]

1.d4 d5 2.c4 dxc4 3.Nf3 Nf6 4.e3 e6 5.Bxc4 c5 6.O-O a6 7.a4 Nc6 8.Qe2 Qc7
9.Rd1 Bd6 10.dxc5 Bxc5 11.b3 b6 12.Bb2 Bb7 13.Nbd2 O-O 14.Rac1 Nb4 15.Ne5 Qe7
16.Ng4 Nd7 17.Nf3 Rfd8 18.h4 Nf8 19.h5 h6 20.e4 Nh7 21.Be5 Ng5 22.Nxg5 Qxg5
23.Qf3 Nc6 24.Bf4 Qe7 25.Re1 Kh8 26.Qg3 Rd7 27.Bd5 f6 28.Bc4 Na5 29.Be3 Bb4
30.Red1 Rxd1+ 31.Rxd1 Nxc4 32.bxc4 Bxe4 33.Bxb6 Bc2 34.Rd4 Bxa4 35.c5 a5
36.Qd3 Be8 37.Rd6 Rc8 38.Qe3 Bxh5 39.Nxh6 gxh6 40.Qxh6+ Qh7 41.Qxf6+ Qg7
42.Qxe6 Re8 43.Qh6+ Qh7 44.Qg5 Re1+ 45.Kh2 Bg6+ 46.Kg3 Bc3 47.Rxg6 Be5+ 48.f4  1-0

[Event "HB Global CC"]
[Site "Minneapolis USA"]
[Date "2005.05.20"]
[Round "4"]
[White "Gurevich,D"]
[Black "Milov,V"]
[Result "1/2-1/2"]
[WhiteElo "2515"]
[BlackElo "2653"]

1.d4 Nf6 2.c4 g6 3.Nc3 Bg7 4.e4 d6 5.f3 O-O 6.Be3 e5 7.d5 c6 8.Bd3 cxd5 9.cxd5 Nh5
10.Nge2 f5 11.exf5 gxf5 12.O-O Nd7 13.Rc1 Nc5 14.Bb1 a5 15.a3 Bd7 16.b4 axb4
17.axb4 Na6 18.Na4 Nxb4 19.Nb6 Ra3 20.Nxd7 Qxd7 21.Qd2 Kh8 22.Bf2 Rb3 23.Rc4 Qb5
24.Rh4 Nf6 25.Bxf5 Nbxd5 26.Ng3 Ne7 27.Qxd6 Nxf5 28.Nxf5 Rb1 29.Be1 Qd5 30.Qxd5 Nxd5
31.Nxg7 Kxg7 32.Re4 Re8 33.f4 Kf7 34.fxe5+ Ke6 35.Bd2 Rb2 36.Be1 Rb1  1/2-1/2

[Event "HB Global CC"]
[Site "Minneapolis USA"]
[Date "2005.05.20"]
[Round "5"]
[White "Milov,V"]
[Black "Foygel,I"]
[Result "1-0"]
[WhiteElo "2653"]
[BlackElo "2438"]

1.d4 Nf6 2.c4 g6 3.Nc3 Bg7 4.e4 d6 5.Bg5 c5 6.dxc5 Qa5 7.Bd3 Qxc5 8.Be3 Qa5
9.Nf3 Bg4 10.O-O Nc6 11.h3 Bxf3 12.Qxf3 Ne5 13.Qe2 O-O 14.f4 Nxd3 15.Qxd3 Rfc8
16.Rac1 a6 17.Bd4 Nd7 18.Nd5 Re8 19.b4 Qd8 20.Bxg7 Kxg7 21.Qd4+ Kg8 22.e5 e6
23.Nc3 dxe5 24.fxe5 Qc7 25.Ne4 Red8 26.Rce1 Nb6 27.Nf6+ Kg7 28.Qh4 Rh8 29.c5 Nd7
30.Ng4  1-0

[Event "HB Global CC"]
[Site "Minneapolis USA"]
[Date "2005.05.21"]
[Round "6"]
[White "Kiriakov,P"]
[Black "Milov,V"]
[Result "1/2-1/2"]
[WhiteElo "2565"]
[BlackElo "2653"]

1.d4 Nf6 2.c4 e6 3.Nc3 Bb4 4.Qc2 O-O 5.a3 Bxc3+ 6.Qxc3 b6 7.Bg5 Ba6 8.Nh3 h6
9.Bh4 c5 10.dxc5 bxc5 11.f3 Nc6 12.e3 Rb8 13.Bg3 d6 14.Rd1 e5 15.Nf2 Qc7
16.Bd3 Rb6 17.Ne4 Nxe4 18.Bxe4 Nd4 19.b4 cxb4 20.axb4 Ne6 21.b5 Bb7 22.Bxb7 Qxb7
23.O-O a6 24.bxa6 Rxa6 25.Rd2 Rc8 26.Rfd1 Rcc6 27.Rd5 Qc8 28.Qd2 Qa8 29.c5 Ra2
30.Qe1 Rxc5 31.Rxd6 Qa4 32.R6d2 Rxd2 33.Qxd2 e4 34.Qd7 Qc2 35.fxe4 Qxe4 36.Qe8+ Kh7
37.Qxf7 Rf5 38.Qa7 h5 39.Bf4 Nxf4 40.exf4 Rxf4 41.Rf1  1/2-1/2

[Event "HB Global CC"]
[Site "Minneapolis USA"]
[Date "2005.05.22"]
[Round "8"]
[White "Ivanov,AV USA"]
[Black "Milov,V"]
[Result "1/2-1/2"]
[WhiteElo "2563"]
[BlackElo "2653"]

1.e4 g6 2.d4 Bg7 3.Nc3 d6 4.Be3 c6 5.Qd2 b5 6.Bd3 Nd7 7.Nf3 Qc7 8.O-O Ngf6
9.Bh6 O-O 10.Bxg7 Kxg7 11.Ne2 c5 12.c3 a6 13.Ng3 e5 14.Rad1 Re8 15.Bb1 Nf8
16.h3 Ne6 17.Ne2 h6 18.Nh2 Qa7 19.b4 cxd4 20.cxd4 Ng5 21.Ng3 Qxd4 22.Qxd4 exd4
23.Rxd4 Bb7 24.Rxd6 Ngxe4 25.Nxe4 Bxe4 26.Bxe4 Rxe4 27.a3 Re2 28.Ng4 Nxg4
29.hxg4 Ra2 30.Rd3 Rc8 31.Rfd1 Rc4 32.Rf3 g5 33.g3 Rc7 34.Kg2 Re2 35.Rd6  1/2-1/2

[Event "XXIX Vicente Bonil"]
[Site "Albox ESP"]
[Date "2005.06.04"]
[Round "5"]
[White "Spasov,V"]
[Black "Milov,V"]
[Result "1/2-1/2"]
[WhiteElo "2543"]
[BlackElo "2653"]

1.e4 c5 2.Nf3 e6 3.d4 cxd4 4.Nxd4 a6 5.Nc3 d6 6.Be2 b5 7.Bf3 Bb7 8.e5 d5
9.O-O Ne7 10.Bf4 Ng6 11.Bg3 Be7 12.Re1 O-O 13.Bh5 Nc6 14.Nxc6 Bxc6 15.Ne2 b4
16.Nd4 Bd7 17.Be2 Qb6 18.Nf3 Rac8 19.Bd3 Bb5 20.h4 Bxd3 21.cxd3 h5 22.Rc1 Rc7
23.Rxc7 Qxc7 24.Nd4 Qb6 25.Nb3 Nxh4 26.Bxh4 Bxh4 27.d4 g6 28.Qc2 Bg5 29.g3 h4
30.Kg2 hxg3 31.Kxg3 Kg7 32.Rh1 Qb5 33.f4 Bh6 34.Nc5 Qc4 35.Qxc4 dxc4 36.Rc1 g5
37.fxg5 Bxg5 38.Rxc4 a5 39.Ne4 Bh6 40.Kf3 Kg6 41.Rc2 f6 42.Rg2+ Kf7 43.Nxf6 Rc8
44.Ne4 Rc1 45.Nd6+ Ke7 46.Rg6 Rh1 47.Ke4 Kd7 48.Nf7 Bc1 49.b3 Rh4+ 50.Kd3 Bb2
51.Kc4 Rxd4+ 52.Kb5 Rd5+ 53.Ka4 Ke7 54.Nd6 Bxe5 55.Nc4 Bc7 56.Rg7+ Kd8 57.a3 bxa3
58.Kxa3 e5 59.Ka4  1/2-1/2

[Event "XXIX Vicente Bonil"]
[Site "Albox ESP"]
[Date "2005.06.05"]
[Round "6"]
[White "Milov,V"]
[Black "Vallejo Pons,F"]
[Result "0-1"]
[WhiteElo "2653"]
[BlackElo "2677"]

1.c4 e5 2.Nc3 Nc6 3.g3 Bc5 4.Bg2 d6 5.e3 a6 6.Nge2 Ba7 7.d4 Nge7 8.O-O O-O
9.d5 Nb8 10.h3 f5 11.Kh2 Nd7 12.f4 e4 13.b4 Nf6 14.a3 c6 15.Qd2 cxd5 16.Nxd5 Nexd5
17.cxd5 Qb6 18.Nd4 Kh8 19.Qa2 Qc7 20.Rd1 Qf7 21.Bf1 b5 22.a4 bxa4 23.Bc4 Bd7
24.Ba3 Bxd4 25.Rxd4 Bb5 26.Rad1 Qh5 27.Qd2 Bxc4 28.Rxc4 Ng4+  0-1

[Event "XXIX Vicente Bonil"]
[Site "Albox ESP"]
[Date "2005.06.05"]
[Round "8"]
[White "Milov,V"]
[Black "Alexandrova,O"]
[Result "1-0"]
[WhiteElo "2653"]
[BlackElo "2400"]

1.d4 Nf6 2.c4 e6 3.Nc3 Bb4 4.e3 O-O 5.Ne2 d5 6.a3 Be7 7.cxd5 exd5 8.b4 a5
9.b5 c6 10.Nf4 Nbd7 11.Be2 Nb6 12.bxc6 bxc6 13.O-O Ba6 14.Bxa6 Rxa6 15.Nd3 Nc4
16.Nb2 Nxb2 17.Bxb2 Bd6 18.Na4 Qc7 19.h3 Ne4 20.Qd3 Ra7 21.Rac1 Rb8 22.Rc2 Qc8
23.Rfc1 Rc7 24.f3 Ng5 25.e4 Bf4 26.Rd1 dxe4 27.fxe4 Qe8 28.Rf1 Ne6 29.Rc4 Bd6
30.Bc1 Rcb7 31.e5 Rb3 32.Rc3 Rxc3 33.Qxc3 Be7 34.Be3 Rb5 35.Rc1 Nd8 36.Nb2 Qd7
37.Nd3 Qb7 38.a4 Rb3 39.Qc4 h6 40.Bd2 Ba3 41.Rf1 Rb1 42.Bxa5 Rxf1+ 43.Kxf1 Qb1+
44.Kf2 Ne6 45.Bd2 Be7 46.Be3 Bh4+ 47.g3 Be7 48.Kg2 Qd1 49.Nf2 Qe1 50.Qd3 Qa1
51.Qc4 Bg5 52.Bxg5 hxg5 53.Qxc6 Nxd4 54.Qe8+ Kh7 55.Qxf7 Qxa4 56.Qd5 Nc2
57.Ng4 Ne1+ 58.Kf1 Qa1 59.Qe4+ Kg8 60.Qxe1  1-0

[Event "6th EICC"]
[Site "Warsaw POL"]
[Date "2005.06.23"]
[Round "6"]
[White "Milov,V"]
[Black "Krasenkow,M"]
[Result "1-0"]
[WhiteElo "2653"]
[BlackElo "2672"]

1.d4 Nf6 2.c4 g6 3.Nc3 d5 4.cxd5 Nxd5 5.e4 Nxc3 6.bxc3 Bg7 7.Qa4+ Qd7 8.Qb3 O-O
9.Be3 b6 10.Nf3 Bb7 11.Bd3 c5 12.O-O Nc6 13.Rad1 Na5 14.Qb1 cxd4 15.cxd4 Rac8
16.d5 Nc4 17.Bd4 Bxd4 18.Nxd4 Qa4 19.Rfe1 Rc7 20.h4 Qa5 21.Qc1 Rfc8 22.Bxc4 Rxc4
23.Qe3 Qc3 24.Rd3 Qb2 25.Kh2 Rc3 26.Red1 h5 27.Rxc3 Qxc3 28.Qg5 Qc7+ 29.f4 Re8
30.Nf5 Qc2 31.Re1 Qd2 32.Rf1 Ba6 33.Rf3 Be2 34.Rg3 Bg4 35.Nxe7+ Kf8 36.Qf6  1-0

[Event "6th EICC"]
[Site "Warsaw POL"]
[Date "2005.06.25"]
[Round "7"]
[White "Nisipeanu,LD"]
[Black "Milov,V"]
[Result "1-0"]
[WhiteElo "2670"]
[BlackElo "2653"]

1.e4 e6 2.d4 d5 3.Nc3 dxe4 4.Nxe4 Nd7 5.Nf3 Ngf6 6.Nxf6+ Nxf6 7.Bg5 h6 8.Be3 Bd6
9.Bd3 Bd7 10.Qe2 Bc6 11.O-O-O Qe7 12.c4 Bxf3 13.Qxf3 c5 14.d5 e5 15.Rde1 a6
16.g4 b5 17.g5 hxg5 18.Bxg5 bxc4 19.Bxc4 Rb8 20.b3 Kf8 21.Re4 Rb6 22.Rg1 Bc7
23.Qg3 Qd6 24.Rh4 Rxh4 25.Qxh4 e4 26.Be3 g6 27.Kc2 Rb8 28.Bg5 Nh5 29.Bh6+ Ng7
30.Rg4 Qxh2 31.Qf6  1-0

[Event "6th EICC"]
[Site "Warsaw POL"]
[Date "2005.06.28"]
[Round "10"]
[White "Najer,E"]
[Black "Milov,V"]
[Result "0-1"]
[WhiteElo "2615"]
[BlackElo "2653"]

1.e4 g6 2.d4 Bg7 3.Nc3 d6 4.Bg5 Nd7 5.Nf3 a6 6.a4 h6 7.Be3 e6 8.Qd2 Ne7 9.a5 g5
10.g3 d5 11.h4 g4 12.Nh2 f5 13.exf5 exf5 14.f3 Nf6 15.O-O-O Be6 16.fxg4 fxg4
17.Bd3 Qd7 18.Rhe1 O-O-O 19.Qe2 Nf5 20.Bf2 Rde8 21.b3 Kb8 22.Nf1 Qd6 23.Kb2 Qb4
24.Bxf5 Bxf5 25.Qd2 Qxa5 26.Ne3 Be6 27.Qd3 Rhf8 28.Qg6 Bh8 29.Qxh6 Ne4 30.Nxe4 dxe4
31.Re2 c5 32.Qh5 Rd8 33.Ng2 Rf5 34.Qh6 cxd4 35.Bxd4 Bxd4+ 36.Rxd4 Rxd4 37.Qxe6 Rf1  0-1

[Event "6th EICC"]
[Site "Warsaw POL"]
[Date "2005.06.29"]
[Round "11"]
[White "Milov,V"]
[Black "Ivanchuk,V"]
[Result "1/2-1/2"]
[WhiteElo "2653"]
[BlackElo "2739"]

1.d4 Nf6 2.c4 g6 3.Nc3 d5 4.cxd5 Nxd5 5.e4 Nxc3 6.bxc3 Bg7 7.Qa4+ Nd7 8.Be3 O-O
9.Rd1 c5 10.Bd3 Nb6 11.Qa3 cxd4 12.cxd4 Qd6 13.Qxd6 exd6 14.Ne2 f5 15.O-O fxe4
16.Bxe4 Bg4 17.f3 Rae8 18.Nc3 Bf5 19.Bf2 Bxe4 20.Nxe4 d5 21.Nc5 Re2 22.a4 Rfe8
23.Kh1 Ra2 24.Nxb7 Nxa4 25.Bg3 Nc3 26.Rd3 Rc2 27.Na5 Nb5 28.Nb3 Ree2 29.Rg1 Rb2
30.h4 a5 31.Nxa5 Bxd4 32.Rc1 Rxg2 33.Bf4 Rgc2 34.Nb3 Rxc1+ 35.Bxc1 Rb1 36.Nxd4 Rxc1+
37.Kg2 Nc7 38.Kg3 Kf7 39.Rb3 Rc4 40.Rb7 Ke7 41.Ne2 Kf6 42.Nf4 Ke5 43.Ra7 Rxf4
44.Rxc7 h5 45.Re7+ Kd6 46.Ra7 Rf6 47.Ra1 Kc5 48.Rc1+ Kb4 49.Kf2 Re6 50.Rd1 Kc5
51.Rc1+ Kd6 52.Rd1 Kc6 53.Rc1+ Kd7 54.Ra1 Ke7 55.Rb1 d4 56.Rb4 Rd6 57.Ke2 Ke6
58.Rb5 d3+ 59.Kd2 Rd4 60.Ra5 Kf6 61.Ra8 Rd5 62.Rf8+ Ke5 63.Rg8 Kf5 64.Rf8+ Ke6
65.Rg8 Kf7 66.Ra8 Kg7 67.Ra3 Rd4 68.Rxd3 Rxh4 69.Ke3 Rh2 70.Rd1 Kh6 71.f4 Ra2
72.Rd6 Ra3+ 73.Kf2 Kg7 74.Kg2 h4 75.Rb6 Rg3+ 76.Kf2 Rc3 77.Kg2 Ra3 78.Rc6 Rg3+
79.Kf2 Rb3 80.Kg2 Rb4 81.Kf3 h3 82.Kg3 Rb3+ 83.Kh2 Rf3 84.Ra6  1/2-1/2

[Event "6th EICC"]
[Site "Warsaw POL"]
[Date "2005.07.01"]
[Round "13"]
[White "Milov,V"]
[Black "Jakovenko,D"]
[Result "1/2-1/2"]
[WhiteElo "2653"]
[BlackElo "2608"]

1.d4 d5 2.c4 c6 3.Nc3 Nf6 4.e3 a6 5.Qc2 e6 6.Nf3 c5 7.cxd5 exd5 8.Be2 Nc6
9.Ne5 Qc7 10.Nxc6 bxc6 11.O-O Bd6 12.h3 O-O 13.Rd1 Re8 14.Bf3 cxd4 15.exd4 g6
16.Be3 Bf5 17.Qd2 Rab8 18.b3 Ne4 19.Bxe4 Bxe4 20.Rac1 Rbd8 21.Bg5 Rd7 22.f3 Bf5
23.Re1 Rxe1+ 24.Rxe1 Qb8 25.Bf6 Be6 26.Na4 Bb4 27.Qh6 Qf8 28.Qxf8+ Kxf8 29.Rc1 Rc7
30.Be5 Ba3 31.Rc3 Ra7 32.Rxc6 Bd7 33.Rb6 Bxa4 34.bxa4 Ke7 35.Kf2 a5 36.g4 Ra8
37.Rb3 Bc1 38.Rc3 Bb2 39.Rc7+ Ke6 40.Rc6+ Ke7 41.f4 h5 42.g5 Ba3 43.Kf3 Kd7
44.Rc7+ Ke6 45.Ke3 Ra6 46.Rc3 Be7 47.Bc7 Bb4 48.Rc2 Kd7 49.a3 Bxa3 50.f5 Bb4
51.Kf4 Rc6 52.Rxc6  1/2-1/2